Normal view
MARC view
- إعداد خلف، ربيع عبد السلام
Entry Personal Name
001 - CONTROL NUMBER
- control field: 14133
003 - CONTROL NUMBER IDENTIFIER
- control field: JO-AjAnu
005 - DATE AND TIME OF LATEST TRANSACTION
- control field: 20230606072546.0
008 - FIXED-LENGTH DATA ELEMENTS
- fixed length control field: 230606|| aca||aabn | a|a d
040 ## - CATALOGING SOURCE
- Original cataloging agency: JO-AjAnu
- Transcribing agency: JO-AjAnu
100 ## - HEADING--PERSONAL NAME
- Personal name: إعداد خلف، ربيع عبد السلام
670 ## - SOURCE DATA FOUND
- Source citation: Work cat.: (JO-AjAnu)7265: إعداد خلف، ربيع عبد السلام, author, القيم المتنوعة للحرف والكلمة في اللغة العربية